| 000 | 01197nam a22002895 4500 | ||
|---|---|---|---|
| 001 | 190562 | ||
| 003 | SpMaBN | ||
| 005 | 20250827041758.0 | ||
| 008 | 210902s1992 sp ab 001 0dspa | ||
| 020 | _a84-7955-034-1 | ||
| 080 | _a914.60 | ||
| 100 | 1 |
_aMiguel Amóztegui, Jesús I. _9173675 |
|
| 245 | 1 | 0 |
_aDel Cantábrico al Mediterráneo : _bun viaje increíble por los caminos de hierro de la península : una aventura de quince días de duración a través de las tierras de España en ocho etapas / _cJesús I. Miguel Amóztegui ; [prólogo de Manuel Maristany]. |
| 260 |
_aMadrid : _bAcción Divulgativa, _c[1992] |
||
| 300 |
_a256 p. : _bil., mapas ; _c20 cm. |
||
| 490 | 1 |
_aEl búho viajero. Aire libre ; _v56 |
|
| 504 | _aBibliografía: p. 253. | ||
| 596 | _aEn cub. posterior: Libros Penthalon. | ||
| 651 | 4 |
_aEspaña- _xDescripción- _yS.XX. _98187 |
|
| 700 | 1 |
_aMaristany, Manuel. _976899 |
|
| 830 | 1 | 3 |
_aEl búho viajero _v56 _9193499 |
| 852 | 4 |
_aES-MaACL _jA-14783 _9197740 _bR.152273 _cDEPO1 _dOlim: N-7783 _hDonación. José Lázaro |
|
| 903 |
_aJosé Lázaro _ednr |
||
| 942 |
_2udc _cMONOGRAFIA |
||
| 999 |
_c190562 _d190562 |
||